00425nam a2200121 a 450000100100000000500170001000800410002704000250006810000230009324500600011626000780017630000490025400003177220200930063152.0110701s20uu dr a 000 0 spa d aDO-SdBNPbspacBNPHU1 aD Aza, Carmen Iris10aNosotras tambien tenemos derechos /cCarmen Iris D Aza. a[Santo Domingo] :bMovimiento de Mujeres Unidas,c[200?]fImpresos Vargas a1v. con varias paginaciones :bil. ;c21 cm.